00927nam a2200205 a 4500001001000000003000900010005001700019007000300036008004100039040002500080082002200105111017000127245016500297260006200462300002100524650006600545700003000611700004600641700003400687000011354DO-SdBNP20230228125007.0ta091016s1993 dr a 001 0 spa d aDO-SdBNPbspacBNPHU 4a610.98bM489t2222 aSeminario Latinoamericano sobre la Teoría y la Práctica en la Aplicación de la Medicina Tradicional en Sistemas Formales de Saludn(2: d1992 :cSanto Domingo)10aMedicina tradicional 500 años después :bhistoria y consecuencias actuales.ceditores Carles Roersch, José María Tavares de Andrade y Eduardo Menéndez aSanto Domingo :bInstituto de Medicina Dominicana,c1993. a164 p. ;c21 cm. 4aMedicina tradicionalxHistoriavCongresos, conferencias, etc.1 aRoersch, Carles, eeditor1 aTavares Andrade, José Maria de,eeditor1 aMenéndez, Eduardo, eeditor